00521nam a2200193 a 450000100060000000300080000600500170001400800410003103500190007204000310009104100080012208200250013010000110015524500550016626000350022130000310025665000140028770000260030144456BD-RjUL20211209053849.0170716s1955 enka 000 0 eng d a(BD-RjUL)44574 aANLbengcANLdNUdBD-RjUL aeng 223a321.86bPLR 19550 aPlato.10aRepublic /cintrod. by A. D. Lindsay : [bibliog.]. aLondon :bPenguin book, c1955 a405 p. : bill. ; c16 cm. aRepublics aLee D.H, (Translator)